Management Information Systems, Strategy and Action (Record no. 1080245)

MARC details
000 -LEADER
fixed length control field 00382nam a2200133Ia 4500
008 - FIXED-LENGTH DATA ELEMENTS--GENERAL INFORMATION
fixed length control field 231228s1993 xx 000 0 und d
041 ## - LANGUAGE CODE
Language code of text/sound track or separate title eng
082 ## - DEWEY DECIMAL CLASSIFICATION NUMBER
Classification number 658.4`038
Item number PAR
100 ## - MAIN ENTRY--PERSONAL NAME
Personal name PARKER (Charles) / CASE (Thomas)
245 ## - TITLE STATEMENT
Title Management Information Systems, Strategy and Action
250 ## - EDITION STATEMENT
Edition statement 2nd
260 ## - PUBLICATION, DISTRIBUTION, ETC.
Place of publication, distribution, etc. New York
Name of publisher, distributor, etc. Mc Graw Hill New York,
Date of publication, distribution, etc. 1993
300 ## - PHYSICAL DESCRIPTION
Extent XXIII,888

No items available.